000 01035nam a22002537a 4500
005 20170124103124.0
010 _aA-706226
020 _c75.00
035 _aA-706226
037 _bCen Lib/Ret
040 _aDPL
_bHN
082 _a824
_bगणेश
100 _aगणेशशंकर विद्यार्थी
_943912
245 _aजेल जीवन की झलक /
_cगणेशशंकर विद्यार्थी
246 _aJail jeevan ki jhalak
_bby Ganeshhsankar Vidyarthi
260 _aदिल्ली
_bसाहित्य प्रचारक
_c1994
270 _a3011, बल्लीमारान
_b दिल्ली
_e110006
300 _axiv,176पृष्ठ.
_c18सेमी(सजिल्द)
650 _aहिंदी साहित्य
_982795
650 _aस्वराज्य किसके लिए
_982796
650 _ahindi literature
_982797
650 _aTo whom Rule
_982798
942 _2ddc
_cHN
_h824
_mगणेश
999 _c118982
_d118982